000 00303nam a2200121 i 4500
001 bg
245 0 _aRukovodostvo k prakticeskim zanjntijam po fiziceskim osnovam radiochimii.
260 _aMoskva,
_c1971.
040 _cBPK
041 _apol
942 _cKS
008 s pl f |000 0 pol
999 _c14154
_d14154
856 _uhttp://koha.tu.koszalin.pl/cgi-bin/koha/opac-detail.pl?biblionumber=14154
_yKatalog online BPK